000 00291nam a22001217a 4500
020 _a978-1-862-30189
082 _a823
_bCOL/C
100 _aCOLE, EVE
245 _aCOWS IN ACTION
_bTHE TER-MOO-NATORS
260 _aLONDON
_bTHE RADOM HOUSE CHILDRENS BOOKS
_c2007
300 _a150
942 _cBK
999 _c5810
_d5810